| 000 | 03024nam a22003731 4500 | ||
|---|---|---|---|
| 005 | 20050808122104.0 | ||
| 008 | 721219s1962 nyu 000 0 eng | ||
| 010 | _aB-346939-950 | ||
| 020 |
_a9788186939413 _c195.00 |
||
| 035 | _aB-346939-950 | ||
| 037 | _bAakar Books | ||
| 040 |
_adpl _bEnglish |
||
| 082 | _aN | ||
| 100 | _aAnand, Paro | ||
| 245 |
_aWeed / _cby ParoAnand |
||
| 260 |
_aNew Delhi _bIndiaInk _c2008 |
||
| 270 |
_aM-75, G.K. II Market _bNew Delhi _e110048 _k29212271 _mroli@vsnl.com |
||
| 300 |
_a142 p. _c20 cm. (pbk) |
||
| 700 | _aedited by Shobhana Bhattacharji | ||
| 942 |
_2ddc _cEN _hN _mANA |
||
| 999 |
_c24173 _d24173 |
||